000 01806cam a22005174i 4500
003 PE-LiUPU
005 20251003085612.0
008 150616s r 000 0 d
020 _a9682608171
035 _a(Sirsi) i9789682608179
040 _aPE-LiUPU
_bspa
_cPE-LiUPU
_erda
049 _aPRUA
082 0 4 _a620.106.
_bV462e
_221
100 1 _aVennard, John K.,
_eautor.
245 1 0 _aElementos de Mecánica de Fluidos Versión SI /
_cJohn K. Vennard.
264 1 _aMéxico D.F. :
_bFuentes Impresores Centeno,
_c1993.
300 _a851 páginas :
_b ilustraciones(gráficos) ;
_c22 centímetros
336 _atext
_2rdacontent
337 _aunmediated
_2rdamedia
338 _avolume
_2rdacarrier
505 0 _aPrincipios básicos.- Estática de los fluidos.- Cinemática del movimiento de los fluidos.- Flujo de un fluido ideal incompresible.- Flujo de un fluido ideal compresible.- El principio de impulso-momentum.- Flujo de un fluido real.- similitud y análisis demensional.- Flujo de fluido en tubos.- Flujo de líquido en canales abiertos.- Mediciones sobre fluidos.- Hidrodinámica elemental.- Flujo de fluido alrededor de cuerpos sumergidos.
526 _aSEG44
526 _aSEG26
526 _aP159
526 _aP155
526 _aP154
526 _aP153
526 _aP150
526 _aP100
526 _aP31
526 _aP30
526 _aP26
526 _aP25
526 _aP24
526 _aP22
526 _aP15
526 _aP10
650 1 4 _aMecánica de fluidos.
650 2 4 _aHidrodinámica
_97087
650 2 4 _aFluidos
_xPropiedades
_97088
700 1 _aStreet, Robert L.
_eautor.
910 _ajck
942 _2ddc
_cBK
980 _818226
_gJaime Vilcazán Jefe de Análisis Documental
999 _c59112
_d59112